Online Public Access Catalogue

Epidemiology, Biostatistics, and Preventive Medicine (Record no. 6635)

MARC details
000 -LEADER
fixed length control field 00518nam a2200157Ia 4500
020 ## - INTERNATIONAL STANDARD BOOK NUMBER
International Standard Book Number 9781416034964
082 ## - DEWEY DECIMAL CLASSIFICATION NUMBER
Classification number 614.4
Author Mark JEK
100 ## - MAIN ENTRY--PERSONAL NAME
Author Name Jekel,James F.
245 #0 - TITLE STATEMENT
Title Epidemiology, Biostatistics, and Preventive Medicine
250 ## - EDITION STATEMENT
Edition statement 3rd
260 ## - PUBLICATION, DISTRIBUTION, ETC.
Place of publication, distribution, etc. Philadelphia
Name of publisher, distributor, etc. Saunders
Date of publication, distribution, etc. 2007
300 ## - PHYSICAL DESCRIPTION
No of Pages 421
440 ## - SERIES STATEMENT/ADDED ENTRY--TITLE
Title Epidemiology, Biostatistics, and Preventive Medicine
650 ## - SUBJECT ADDED ENTRY--TOPICAL TERM
Subject Medicine
Keywords 1-Epidemiology, Biostatistics, and Preventive Medicine 2-Epidemolgic methods 3-Preventive Medicine
942 ## - ADDED ENTRY ELEMENTS (KOHA)
Koha item type Books
Source of classification or shelving scheme
952 ## - LOCATION AND ITEM INFORMATION (KOHA)
-- 2018-03-16
952 ## - LOCATION AND ITEM INFORMATION (KOHA)
-- 2018-03-16
Holdings
Item status Home library Current library Shelving location Date acquired Total Checkouts Full call number Barcode Date last seen Koha item type
  Islamabad Medical and Dental College Islamabad Medical and Dental College Islamabad Medical and Dental College 16/03/2018   614.4 JEK 8388 16/03/2018 Books
  Islamabad Medical and Dental College Islamabad Medical and Dental College Islamabad Medical and Dental College 16/03/2018   614.4 JEK 8389 16/03/2018 Books

Copyright @ IMDC Library
Islamabad Medical and Dental College
Bhara Kahu, Islamabad

  Contact the Librarian, IMDC
  Email:: library@imdcollege.edu.pk

  OPAC Customized by
  Mazhar Hussain,
  Librarian:
  Islamabad Medical and Dental College
  Email:: library@imdcollege.edu.pk